000 00952nam a2200253 i 4500
001 142214
003 ES-MaACL
005 20230906200454.0
007 t|
008 071003s1958 sp ||||1| spa d
080 _a338.984.4:[622.33+669.1]
100 1 _aVignes, Daniel.
_9114650
245 1 3 _aLa Comunidad Europea del Carbón y del Acero /
_cDaniel Vignes ; prólogo de la edición española de José de Yanguas Messía ; prefacio de Paul Guggenheim ; [traducción Manuel Ortuño].
260 _aBarcelona :
_bEdit. Hispano-Europea,
_c[1958]
300 _a199 p. ;
_c21 cm.
610 2 _aComunidad Europea del Carbón y del Acero.
_93133
700 1 _aYanguas Messía, José de,
_d1890-1974
_9117556
700 1 _aGuggenheim, Paul.
_960617
700 1 _aOrtuño, Manuel.
_987682
852 _aES-MaACL
_jC-14482
_bR.42209
852 _aES-MaACL
_jC-15226
_bR.43221
852 _aES-MaACL
_jC-24641
_bR.53524
999 _c142214
_d142214